[Event "Belgrade Trophy 30th"]
[Site "Belgrade"]
[Date "2016.11.25"]
[Round "2"]
[White "Jovanovic, Sasa T"]
[Black "Lakicevic, Milenko"]
[Result "1-0"]
[WhiteElo "2183"]
[BlackElo "1644"]
[PlyCount "57"]
[EventDate "2016.11.24"]
[EventType "swiss"]
[EventRounds "9"]
[EventCountry "SRB"]
[SourceTitle "CBM 175 Extra"]
[Source "ChessBase"]
[SourceDate "2016.12.12"]
[SourceVersion "1"]
[SourceVersionDate "2016.12.12"]
[SourceQuality "1"]

1. d4 d5 2. c4 e6 3. Nc3 c6 4. e3 Nf6 5. Nf3 h6 6. Bd3 Be7 7. 0-0 a6 8. Ne5 dxc4 9. Bxc4 b5 10. Bd3 Bb7 11. Ne4 Nbd7 12. Nxd7 Qxd7 13. Nc5 Bxc5 14. dxc5 Rd8 15. Be2 Qe7 16. Qc2 a5 17. e4 e5 18. Be3 0-0 19. Rfd1 Nh7 20. Rd6 Ng5 21. Bg4 Bc8 22. Bxc8 Rxc8 23. Rad1 Ne6 24. Qc3 Qf6 25. a3 a4 26. g3 Kh8 27. f4 Qe7 28. Qxe5 Rfd8 29. f5 1-0